000 00296nam a2200097Ia 4500
008 200302s9999 xx 000 0 und d
100 _aDavid Fernandez Garcia
245 _aWrought Iron Furniture Mueble Auxiliar Auxiliar Furniture
260 _bDaly Technical Books Publishers Ltd.,
300 _a80 P.,
999 _c1560
_d1560